Catálogo

EL HOMBRE Y LA CULTURA (Registro nro. 6922)

Detalles MARC
000 -LEADER
fixed length control field 00451nam a2200181 a 4500
001 - CONTROL NUMBER
control field 6922
005 - DATE AND TIME OF LATEST TRANSACTION
control field 20180713190813.0
008 - FIXED-LENGTH DATA ELEMENTS--GENERAL INFORMATION
fixed length control field 140415s1944 ag 000 0 spa d
041 ## - LANGUAGE CODE
Language code of text/sound track or separate title spa
082 ## - DEWEY DECIMAL CLASSIFICATION NUMBER
Classification number 301
Item number BEN
100 1# - MAIN ENTRY--PERSONAL NAME
Personal name BENEDICT, RUTH
245 13 - TITLE STATEMENT
Title EL HOMBRE Y LA CULTURA
250 ## - EDITION STATEMENT
Edition statement 2A ED.
260 ## - PUBLICATION, DISTRIBUTION, ETC.
Place of publication, distribution, etc. ARGENTINA :
Name of publisher, distributor, etc. SUDAMERICANA,
Date of publication, distribution, etc. 1944
300 ## - PHYSICAL DESCRIPTION
Extent 349
490 ## - SERIES STATEMENT
Series statement CIENCIA Y CULTURA
650 14 - SUBJECT ADDED ENTRY--TOPICAL TERM
Topical term or geographic name entry element ANTROPOLOGIA SOCIAL
Existencias
Withdrawn status Lost status Source of classification or shelving scheme Damaged status Not for loan Collection code Home library Current library Shelving location Date acquired Source of acquisition Inventory number Total Checkouts Full call number Barcode Date last seen Date last checked out Price effective from Koha item type
    Dewey Decimal Classification     General Biblioteca Karol Wojtyla Biblioteca Karol Wojtyla Sala general 03/12/2013 Compra 151000000000000000058074 1 301 BEN 19584 05/01/2026 06/02/2020 03/12/2013 Libro